logo

Bir Sreshtho Munshi Abdur Rouf Library
Jhenaidah Cadet College

Into Wide Worlds / (Record no. 1797)

MARC details
000 -LEADER
fixed length control field 00535nam a2200205 a 4500
001 - CONTROL NUMBER
JCCL Control Number 1797
003 - CONTROL NUMBER IDENTIFIER
JCCL marc code BD-JhCC
005 - DATE AND TIME OF LATEST TRANSACTION
control field 20171024173408.0
008 - FIXED-LENGTH DATA ELEMENTS--GENERAL INFORMATION
fixed length control field 171024s1986 nyua|||| |||| 000 0 eng d
035 ## - SYSTEM CONTROL NUMBER
system control number (BD-JhCC)1797
040 ## - CATALOGING SOURCE
Original cataloging agency BD-JhCC
Modifying agency BD-JhCC
041 ## - LANGUAGE CODE
Language code of Book eng
082 ## - DEWEY DECIMAL CLASSIFICATION NUMBER
Classification number 372.6
Author mark and Year MAT 1986
100 ## - MAIN ENTRY--PERSONAL NAME
Personal name Matteeoni, Lousise
245 ## - TITLE STATEMENT
Title Into Wide Worlds /
Statement of responsibility, etc Louise Matteoni
260 ## - PUBLICATION, DISTRIBUTION, ETC. (IMPRINT)
Place of publication, distribution, etc New York :
Name of publisher, distributor, etc The Economy Company;
Date of publication, distribution, etc 1986
300 ## - PHYSICAL DESCRIPTION
Pagination 320 p. ;
Other physical details ill ;
Dimensions 24 cm
650 ## - SUBJECT ADDED ENTRY--TOPICAL TERM
Topical term or geographic name as entry element Language arts (Elementary)
942 ## - ADDED ENTRY ELEMENTS (KOHA)
Source of classification or shelving scheme Dewey Decimal Classification
Koha item type Books
Holdings
Source of classification or shelving scheme Damaged status Not for loan Home library Current library Shelving location Date of accession Total Checkouts Full call number Barcode Date last seen Copy number Koha item type
Dewey Decimal Classification     JCC Rouf Library JCC Rouf Library General Stacks 10/24/2017   372.6 MAT 1986 3051 10/13/2022 C-1 Books

JCC Library | Contacts | JCC Home

Last Update on 23 September 2017
Copyright @ 2017-2020 JCC Rouf Library
Rouf Library, Jhenidah Cadet College (JCC), Bangladesh